1969 1574 1912 1244 1616 1266 1281 1629 1951 1691 1014 1538 1847 1387 1200 1944 1629 1236 1241 1544 1469 1817 1168 1511 1985 1607 1912 1740 1581 1240 1676 1950 1701 1845 1667 1801 1198 1886 1061 1487 1598 1044 1237 1268 1912 1600 1692 1891 1736 1334 1123 1538 1752 1689 1821 1860 1268 1929 1688 1325 1706 1186 1474 1790 1812 1612 1258 1256 1574 1824 1119 1813 1587 1894 1939 1874 1143 1041 1136 1827 1955 1883 1588 1223 1082 1556 1730 1590 1110 1590 1703 1693 1523 1464 1564 1607 1729 1731 1628 BCNSPRNW ULIB Ver.6.0+V

เปลี่ยนเป็นภาษาไทย

Change to English
 แสดงรายละเอียดบรรณานุกรม
  กลับหน้าหลัก

Brief Record : Get Marc (ISO 2709) : E-mail record : QR code < ปิดหน้าต่าง
LEADER : 00000nam 2200000uu 4500
001    13399111766
003     ULIB
008    110627s2552||||th 000 0 tha d
020    9786167081212
090    นว.^bบ825ย 2552
100 0  เบลล์ซาซ่า
245 00 ยั่วรัก/^cเบลล์ซาซ่า
250    พิมพ์ครั้งที่ 1
260    นนทบุรี :^bสมาร์ทบุ๊ค,^c2552
300    416 หน้า
945    ^p270^l0^i028070
995    ทศพร
999 ^a ใช้งานได้ทุกระบบ
รายการนี้ยังไม่มีแท็ก
คุณยังไม่ได้ล็อกอิน คุณสามารถมีกิจกรรมร่วมกับเว็บไซต์ได้ แต่ต้องล็อกอินก่อน ::
  ล็อกอิน

รายการสื่อสารสนเทศ

ลำดับที่ ประเภท เลขเรียก/บาร์โค้ด สถานที่ สถานะ
- ไม่พบข้อมูล -

รายการใกล้เคียง
    ผู้แต่ง [เบลล์ซาซ่า]

BibComment


ยังไม่เคยถูกคอมเมนท์

คอมเมนท์ทรัพยากรรายการนี้
  คอมเมนท์: ยั่วรัก เบลล์ซาซ่า


 Copyright 2026. Bcnsprnw @Library